000 00858nam a2200205 a 4500
008 120416s1971 ||||||||||||||||| || u
020 _a0521082935
050 _aHM 19 Gid
100 _aGiddens, Anthony
245 1 0 _aCapitalism and modern social theory: an analysis of the writings of Marx, Durkheim and Max Weber
260 _aCambridge
_bThe University Press
_c1971
300 _axvii, 261p.
350 _a0.00
650 _aMarx, Karl, 1818-1883
650 _aMARXISM
650 _aDURKHEIM, EMILE, 1858-1917
650 _aECONOMIC THEORY
995 _aMAIN LIBRARY OPEN ACCESS
_D0.00
_e008440
_FCBU-MAIN LIBRARY (Kitwe)
_H1
_I26.25
_jHM 19 Gid
_UAVAILABLE
_y008440
_ZMain Library Open Access Collection
995 _aMAIN LIBRARY OPEN ACCESS
_D0.00
_e008441
_FCBU-MAIN LIBRARY (Kitwe)
_H2
_I26.25
_jHM 19 Gid
_ULOST
_y008441
_ZMain Library Open Access Collection
999 _c79147
_d79147